00775nam a2200181 a 450000100100000000500170001000800410002704000250006808200140009324500360010726000370014330000170018050000510019795201120024895201080036095201080046899900170057600003379420200930070526.0110912s1849 xxu 000 0 spa d aDO-SdBNPbspacBNPHU axxxbI72t14aThe Works of Washington Irving. aNew York :bG. P. Putnam,c1849. av. ;c20 cm. aLa bibliotea posee los volúmenes III, IV y V 001050718MOaGRbGRcHDd2011-09-12iLF1l0oxxx I72tp33794-10r2020-06-25w2020-06-25y1ZNo se presta 001050718MOaGRbGRcCTd2011-09-12iLF1l0ov. 4p33794-20r2020-06-25w2020-06-25y1ZNo se presta 001050718MOaGRbGRcCTd2012-01-25iLF1l0ov. 5p33794-30r2020-06-25w2020-06-25y1ZNo se presta c33285d33285